Online
Catalog

Evolución y cultura / (Record no. 24631)

MARC details
000 -CABECERA
campo de control de longitud fija 00730nam a2200205 a 4500
001 - NÚMERO DE CONTROL
campo de control 000025138
005 - FECHA Y HORA DE LA ÚLTIMA TRANSACCIÓN
campo de control 20200930023601.0
008 - DATOS DE LONGITUD FIJA--INFORMACIÓN GENERAL
campo de control de longitud fija 110210s1973 mx b r 001 0 spa d
040 ## - FUENTE DE LA CATALOGACIÓN
Centro catalogador/agencia de origen DO-SdBNP
Lengua de catalogación spa
Centro/agencia transcriptor BNPHU
082 ## - NÚMERO DE LA CLASIFICACIÓN DECIMAL DEWEY
Número de clasificación xxxxx
Número de documento/Ítem S491e
049 ## - FONDOS LOCALES (OCLC)
Fondos de biblioteca BNGR
100 1# - ENTRADA PRINCIPAL--NOMBRE DE PERSONA
Nombre de persona Service, Elman R.
9 (RLIN) 51539
245 10 - MENCIÓN DE TÍTULO
Título Evolución y cultura /
Mención de responsabilidad, etc. Elman R. service ; traducción Margarita Álvarez Franco.
260 ## - PUBLICACIÓN, DISTRIBUCIÓN, ETC.
Lugar de publicación, distribución, etc. México, D. F. :
Nombre del editor, distribuidor, etc. Pax-México,
Fecha de publicación, distribución, etc. 1973.
300 ## - DESCRIPCIÓN FÍSICA
Extensión xv, 224 p. :
Otras características físicas mapas. ;
Dimensiones 20.5 cm.
500 ## - NOTA GENERAL
Nota general Incluye índice alfabético
504 ## - NOTA DE BIBLIOGRAFÍA, ETC.
Nota de bibliografía, etc. Incluye referencias bibliográficas y notas al pie de las páginas.
534 ## - NOTA SOBRE LA VERSIÓN ORIGINAL
Encabezamiento principal del original Título original:
Mención de título del original Cultural evolutionism.
700 1# - PUNTO DE ACCESO ADICIONAL--NOMBRE DE PERSONA
Nombre de persona Álvarez Franco, Margarita,
Término indicativo de función/relación tr.
9 (RLIN) 12553
Holdings
Estado de retiro Estado de pérdida Restricciones de uso No para préstamo Código de colección Localización permanente Ubicación/localización actual Ubicación en estantería Fecha de adquisición Número de inventario Total de préstamos Signatura topográfica completa Código de barras Fecha visto por última vez Precio válido a partir de Tipo de ítem Koha Nota pública Número de copia
    Préstamo interno   Monografías: Libros y Folletos General General Depósito 10.02.2011 LF1   xxxxx S491e 25138-10 25.06.2020 25.06.2020 Préstamo interno Perteneció a la biblioteca personal de Aída Cartagena Portalatín.  
    Préstamo interno Préstamo restrigido Monografías: Libros y Folletos General General Depósito 13.08.2013 LF1   xxxxx S491e 25138-20 25.06.2020 25.06.2020 Préstamo interno   e. 2

Powered by Koha